Religions et Spiritualités de A à Z - Statistiques

Statistiques générales
  • Ce quiz a été pris 221 fois
  • Le résultat moyen est 8 sur 26
Statistiques - réponses
Indices Réponse % Correct
Croyance de ceux qui affirment l'inexistence d'une quelconque divinité A Athéisme
94%
Religion et philosophie dont la figure centrale est Siddhartha Gautama B Bouddhisme
83%
Religion de ceux qui mangent hallal I Islam
77%
Religion de ceux qui mangent casher J Judaisme
75%
Religion majoritaire en Inde H Hindouisme
69%
Avec le catholicisme et le protestantisme, c'est la troisième grande confession du christianisme O Orthodoxie
52%
Tradition religion étasunienne développée par Jospeh Smith M Mormonnisme
44%
Mouvement au sein du christianisme qui accorde une grande importance à la conversion individuelle et la rencontre personelle avec le Christ E Évangélisme
43%
Courant issu de la pensée d'un certain Martin ayant eut une grande influence sur la Réforme protestante L Luthérianisme
33%
Pilier de la pensée chinoise dont le père fondateur est Lao-Tseu T Taoisme
30%
Spiritualité d'origine jamaïcaine, popularisée mondialement par Bob Marley R Rastafarisme
25%
Religion originaire Afrique de l'Ouest, notablement pratiquée à Haïti où le Baron Samedi y est un personnage central V Vaudou
19%
Religion du Proche-Orient dérivée de l'Ismaélisme, principalement présente en Syrie et au Liban D Druzisme
18%
Religion monothéiste originaire du Pendjab, la cinquième au monde en nombre d'adeptes S Sikhisme
17%
Également appelé Mazdéisme, cette religion a pour prophète Zarathushtra Z Zoroastrisme
16%
Mouvements religieux divers de l'Empire Romain dont les premiers écrits retrouvés en 1945 constitue la bibliothèque de Nag Hammadi G Gnosticisme
15%
Numéro du premier pape étasunien X XIV
15%
Religion parodique des adorateurs du Monstre en spaghetti volant P Pastafarisme
13%
Ensemble de mouvement de résurgences de cultes antiques agrémentés d'une touche de folklore local et d'ésotérisme N Néopaganisme(s)
12%
Surnom donné aux membres de la Société religieuse des Amis Q Quakers
8%
Terme utilisé par Charles de Brosses pour désigner "le culte de certains objets terrestres et matériels ..." F Fétichisme
6%
Doctrine opposée à la trinité qui considère que Dieu n'est qu'un U Unitarisme
6%
Mouvement néo-païen fondé par l'ésotériste Gerald Gardner dans lequel est présent l'idée de féminin sacré W Wicca
5%
Religion monothéiste qui serait issue de l'Iran antique Y Yézidisme
5%
Religion syncrétiste originaire du Viêt Nam qui compte parmi ses guides spirituels aussi bien Jésus, Mahommet ou Moïse que Lénine et Victor Hugo C Caodaïsme
3%
Croyance néopaganiste qui réactive des pratiques de la religion de l'Égypte antique K Kémitisme
3%
Aucun quiz correspondant
Distribution des résultats
% des personnes avec chaque résultat
Percentile par nombre de réponses
Votre historique - résultats
Vous n’avez pas pris ce quiz